MARCATORI DI TUTTE LE PARTITE DEL MONDIALE 2022 - Statistics

Statistiche generali
  • Questo quiz è stato fatto 28 volte
  • Il punteggio medio è 25 su 179
Statistiche sulle risposte
SQUADRE SQUADRE MARCATORI RISULTATO MINUTO % Corretto
ECUADOR QATAR VALENCIA 1-0 16 (R) GIRONI
80%
ECUADOR QATAR VALENCIA 2-0 31 GIRONI
80%
ARGENTINA FRANCIA DI MARIA 2-0 36 FINALE
52%
FRANCIA ARGENTINA MBAPPE 1-2 80 (R) FINALE
52%
FRANCIA ARGENTINA MBAPPE 2-2 81 FINALE
52%
FRANCIA ARGENTINA MBAPPE 3-3 118 (R) FINALE
52%
ARGENTINA MESSICO MESSI 1-0 64 GIRONI
52%
ARGENTINA FRANCIA MESSI 1-0 23 (R) FINALE
52%
ARGENTINA FRANCIA MESSI 2-3 108 FINALE
52%
POLONIA ARABIA SAUDITA LEWANDOWSKI 2-0 82 GIRONI
48%
ARGENTINA ARABIA SAUDITA MESSI 1-0 10 (R) GIRONI
48%
FRANCIA AUSTRALIA MBAPPE 3-1 68 GIRONI
44%
GALLES USA BALE 1-1 82 (R) GIRONI
40%
OLANDA SENEGAL GAKPO 1-0 84 GIRONI
40%
ARGENTINA MESSICO ENZO FERNANDEZ 2-0 87 GIRONI
36%
ARGENTINA OLANDA MESSI 2-0 73 (R) QUARTI
36%
ARGENTINA CROAZIA MESSI 1-0 34 (R) SEMIFINALE
36%
INGHILTERRA FRANCIA KANE 1-1 54 (R) QUARTI
32%
FRANCIA DANIMARCA MBAPPE 1-0 61 GIRONI
32%
ECUADOR OLANDA VALENCIA 1-1 49 GIRONI
32%
OLANDA ARGENTINA WEGHORST 2-2 90+11 QUARTI
32%
OLANDA ECUADOR GAKPO 1-0 6 GIRONI
28%
OLANDA QATAR GAKPO 1-0 26 GIRONI
28%
ARGENTINA CROAZIA ALVAREZ 2-0 39 SEMIFINALE
24%
SENEGAL QATAR DIA 1-0 41 GIRONI
24%
FRANCIA AUSTRALIA GIROUD 2-1 32 GIRONI
24%
FRANCIA AUSTRALIA GIROUD 4-1 71 GIRONI
24%
FRANCIA DANIMARCA MBAPPE 2-0 86 GIRONI
24%
DANIMARCA TUNISIA PAREGGIO 0-0 NO GOL GIRONI
24%
INGHILTERRA IRAN SAKA 2-0 43 GIRONI
24%
IRAN INGHILTERRA TAREMI 1-4 65 GIRONI
24%
OLANDA ARGENTINA WEGHORST 1-2 83 QUARTI
24%
POLONIA ARABIA SAUDITA ZIELINSKI 1-0 39 GIRONI
24%
ARABIA SAUDITA ARGENTINA AL-DAWSARI 2-1 53 GIRONI
20%
ARGENTINA POLONIA ALVAREZ 1-0 46 GIRONI
20%
CROAZIA ARGENTINA ALVAREZ 3-0 69 SEMIFINALE
20%
INGHILTERRA IRAN BELLINGHAM 1-0 35 GIRONI
20%
MAROCCO PORTOGALLO EN-NESYRI 1-0 42 QUARTI
20%
INGHILTERRA GALLES FODEN 2-0 51 GIRONI
20%
FRANCIA INGHILTERRA GIROUD 2-1 78 QUARTI
20%
INGHILTERRA IRAN GREALISH 6-1 90 GIRONI
20%
INGHILTERRA SENEGAL KANE 2-0 45+3 OTTAVI
20%
OLANDA SENEGAL KLAASSEN 2-0 90+9 GIRONI
20%
SENEGAL ECUADOR KOULIBALY 2-1 74 GIRONI
20%
ARGENTINA POLONIA MAC ALLISTER 2-0 67 GIRONI
20%
FRANCIA POLONIA MBAPPE 2-0 74 OTTAVI
20%
FRANCIA POLONIA MBAPPE 3-0 90+1 OTTAVI
20%
ARGENTINA AUSTRALIA MESSI 1-0 35 OTTAVI
20%
QATAR SENEGAL MUNTARI 1-2 78 GIRONI
20%
INGHILTERRA USA PAREGGIO 0-0 NO GOL GIRONI
20%
MESSICO POLONIA PAREGGIO 0-0 NO GOL GIRONI
20%
USA IRAN PULISIC 1-0 38 GIRONI
20%
FRANCIA AUSTRALIA RABIOT 1-1 27 GIRONI
20%
PORTOGALLO GHANA RONALDO 1-0 65 GIRONI
20%
IRAN INGHILTERRA TAREMI 2-6 90+13 (R) GIRONI
20%
USA GALLES WEAH 1-0 36 GIRONI
20%
ARABIA SAUDITA MESSICO AL-DAWSARI 1-2 90+5 GIRONI
16%
MESSICO ARABIA SAUDITA CHAVEZ 2-0 52 GIRONI
16%
SPAGNA COSTA RICA GAVI 5-0 74 GIRONI
16%
PORTOGALLO SVIZZERA LEAO 6-1 90+2 OTTAVI
16%
POLONIA FRANCIA LEWANDOWSKI 1-3 90+9 (R) OTTAVI
16%
ARGENTINA OLANDA MOLINA 1-0 35 QUARTI
16%
SPAGNA COSTA RICA MORATA 7-0 90+2 GIRONI
16%
BRASILE CROAZIA NEYMAR 1-0 105+1 QUARTI
16%
SPAGNA COSTA RICA OLMO 1-0 11 GIRONI
16%
INGHILTERRA IRAN RASHFORD 5-1 71 GIRONI
16%
INGHILTERRA GALLES RASHFORD 1-0 50 GIRONI
16%
INGHILTERRA IRAN SAKA 4-0 62 GIRONI
16%
INGHILTERRA IRAN STERLING 3-0 45+1 GIRONI
16%
ARABIA SAUDITA ARGENTINA AL-SHEHRI 1-1 48 GIRONI
12%
ECUADOR SENEGAL CAICEDO 1-1 67 GIRONI
12%
IRAN GALLES CHESHMI 1-0 90+8 GIRONI
12%
OLANDA QATAR DE JONG 2-0 49 GIRONI
12%
SENEGAL QATAR DIEDHIOU 2-0 48 GIRONI
12%
SENEGAL QATAR DIENG 3-1 84 GIRONI
12%
AUSTRALIA TUNISIA DUKE 1-0 23 GIRONI
12%
AUSTRALIA FRANCIA GOODWIN 1-0 9 GIRONI
12%
GERMANIA GIAPPONE GUNDOGAN 1-0 33 (R) GIRONI
12%
GERMANIA COSTA RICA HAVERTZ 2-2 73 GIRONI
12%
GERMANIA COSTA RICA HAVERTZ 3-2 85 GIRONI
12%
MESSICO ARABIA SAUDITA MARTIN 1-0 47 GIRONI
12%
BEASILE COREA DEL SUD NEYMAR 2-0 13 (R) OTTAVI
12%
BEASILE COREA DEL SUD PAQUETA 4-0 36 OTTAVI
12%
PORTOGALLO SVIZZERA RAMOS 1-0 17 OTTAVI
12%
PORTOGALLO SVIZZERA RAMOS 3-0 51 OTTAVI
12%
IRAN GALLES REZAIAN 2-0 90+11 GIRONI
12%
BEASILE COREA DEL SUD RICHARLISON 3-0 29 OTTAVI
12%
SENEGAL ECUADOR SARR 1-0 44 (R) GIRONI
12%
FRANCIA INGHILTERRA TCHOUAMENI 1-0 17 QUARTI
12%
GIAPPONE GERMANIA ASANO 2-1 83 GIRONI
8%
CANADA CROAZIA DAVIES 1-0 2 GIRONI
8%
TUNISIA FRANCIA KHAZRI 1-0 58 GIRONI
8%
FRANCIA MAROCCO KOLO MUANI 2-0 79 SEMIFINALE
8%
PORTOGALLO GHANA LEAO 3-1 80 GIRONI
8%
SPAGNA GERMANIA MORATA 1-0 62 GIRONI
8%
SPAGNA GIAPPONE MORATA 1-0 11 GIRONI
8%
MAROCCO CROAZIA PAREGGIO 0-0 NO GOL GIRONI
8%
BELGIO CROAZIA PAREGGIO 0-0 NO GOL GIRONI
8%
URUGUAY COREA DEL SUD PAREGGIO 0-0 NO GOL GIRONI
8%
CROAZIA BRASILE PETKOVIC 1-1 117 QUARTI
8%
SVIZZERA PORTOGALLO RAMOS 5-1 67 OTTAVI
8%
INGHILTERRA GALLES RASHFORD 3-0 68 GIRONI
8%
SPAGNA COSTA RICA TORRES 3-0 31 GIRONI
8%
SPAGNA COSTA RICA TORRES 4-0 54 GIRONI
8%
BEASILE COREA DEL SUD VINICIUS 1-0 7 OTTAVI
8%
CAMERUN BRASILE ABOUBAKAR 1-0 90+2 GIRONI
4%
PORTOGALLO SVIZZERA AKANJI 1-4 58 OTTAVI
4%
ARGENTINA AUSTRALIA ALVAREZ 2-0 57 OTTAVI
4%
GHANA PORTOGALLO AYEW 1-1 73 GIRONI
4%
BELGIO CANADA BATSHUAYI 1-0 44 GIRONI
4%
CAMERUN SERBIA CASTELLETTO 1-0 29 GIRONI
4%
CAMERUN SERBIA CHOUPO-MOTING 3-3 66 GIRONI
4%
DANIMARCA FRANCIA CHRISTIANSEN 1-1 68 GIRONI
4%
URUGUAY GHANA DE ARRASCAETA 1-0 26 GIRONI
4%
URUGUAY GHANA DE ARRASCAETA 2-0 32 GIRONI
4%
OLANDA USA DEPAY 1-0 10 OTTAVI
4%
GIAPPONE GERMANIA DOAN 1-1 75 GIRONI
4%
GIAPPONE SPAGNA DOAN 1-1 48 GIRONI
4%
OLANDA USA DUMFRIES 3-1 81 OTTAVI
4%
PORTOGALLO GHANA FELIX 2-1 78 GIRONI
4%
PORTOGALLO URUGUAY FERNANDES 1-0 54 GIRONI
4%
PORTOGALLO URUGUAY FERNANDES 2-0 90+3(R) GIRONI
4%
COSTA RICA GIAPPONE FULLER 1-0 81 GIRONI
4%
FRANCIA POLONIA GIROUD 1-0 44 OTTAVI
4%
GERMANIA COSTA RICA GNABRY 1-0 10 GIRONI
4%
COREA DEL SUD PORTOGALLO KIM 1-1 27 GIRONI
4%
CROAZIA CANADA KRAMARIC 1-1 36 GIRONI
4%
CROAZIA CANADA KRAMARIC 3-1 70 GIRONI
4%
GHANA COREA DEL SUD KUDUS 2-0 34 GIRONI
4%
AUSTRALIA DANIMARCA LECKIE 1-0 60 GIRONI
4%
CROAZIA CANADA LIVAJA 2-1 44 GIRONI
4%
CROAZIA CANADA MAJER 4-1 90+4 GIRONI
4%
SERBIA CAMERUN MILINKOVIC-SAVIC 2-1 45+3 GIRONI
4%
SERBIA CAMERUN MITROVIC 3-1 53 GIRONI
4%
MAROCCO SPAGNA PAREGGIO 0-0 NO GOL OTTAVI
4%
SERBIA CAMERUN PAVLOVIC 1-1 45+1 GIRONI
4%
PORTOGALLO SVIZZERA PEPE 2-0 33 OTTAVI
4%
CROAZIA GIAPPONE PERISIC 1-1 55 OTTAVI
4%
BRASILE SERBIA RICHARLISON 2-0 73 GIRONI
4%
MAROCCO BELGIO SAISS 1-0 73 GIRONI
4%
SPAGNA COSTA RICA SOLER 6-0 90 GIRONI
4%
GIAPPONE SPAGNA TANAKA 2-1 51 GIRONI
4%
COSTA RICA GERMANIA TEJEDA 1-1 58 GIRONI
4%
COSTA RICA GERMANIA VARGAS 2-1 70 GIRONI
4%
MAROCCO CANADA ZIYECH 1-0 4 GIRONI
4%
CAMERUN SERBIA ABOUBAKAR 2-3 63 GIRONI
0%
MAROCCO BELGIO ABOULKHIAL 2-0 90+2 GIRONI
0%
SPAGNA COSTA RICA ASENSIO 2-0 23 GIRONI
0%
CANADA MAROCCO AUTOGOL 1-2 40 GIRONI
0%
AUSTRALIA ARGENTINA AUTOGOL 1-2 77 OTTAVI
0%
OLANDA USA BLIND 2-0 45+1 OTTAVI
0%
GHANA PORTOGALLO BUKARI 2-3 89 GIRONI
0%
BRASILE SVIZZERA CASEMIRO 1-0 83 GIRONI
0%
COREA DEL SUD GHANA CHO 1-2 58 GIRONI
0%
COREA DEL SUD GHANA CHO 2-2 61 GIRONI
0%
MAROCCO CROAZIA DARI 1-1 9 FINALINA
0%
SVIZZERA CAMERUN EMBOLO 1-0 48 GIRONI
0%
SVIZZERA SERBIA EMBOLO 2-2 44 GIRONI
0%
MAROCCO CANADA EN-NESYRI 2-0 23 GIRONI
0%
SVIZZERA SERBIA FREULER 3-2 48 GIRONI
0%
GERMANIA SPAGNA FULKRUGG 1-1 83 GIRONI
0%
GERMANIA COSTA RICA FULKRUGG 4-2 89 GIRONI
0%
PORTOGALLO SVIZZERA GUERREIRO 4-0 55 OTTAVI
0%
CROAZIA MAROCCO GVARDIOL 1-0 7 FINALINA
0%
INGHILTERRA SENEGAL HENDERSON 1-0 39 OTTAVI
0%
FRANCIA MAROCCO HERNANDEZ 1-0 5 SEMIFINALE
0%
PORTOGALLO COREA DEL SUD HORTA 1-0 5 GIRONI
0%
COREA DEL SUD PORTOGALLO HWANG 2-1 90+1 GIRONI
0%
GHANA COREA DEL SUD KUDUS 3-2 68 GIRONI
0%
GIAPPONE CROAZIA MAEDA 1-0 43 OTTAVI
0%
SERBIA SVIZZERA MITROVIC 1-1 26 GIRONI
0%
CROAZIA MAROCCO ORSIC 2-1 42 FINALINA
0%
COREA DEL SUD BEASILE PAIK 1-4 76 OTTAVI
0%
INGHILTERRA SENEGAL RASHFORD 3-0 57 OTTAVI
0%
BRASILE SERBIA RICHARLISON 1-0 62 GIRONI
0%
GHANA COREA DEL SUD SALISU 1-0 24 GIRONI
0%
SVIZZERA SERBIA SHAQUIRI 1-0 20 GIRONI
0%
SERBIA SVIZZERA VLAHOVIC 2-1 35 GIRONI
0%
USA OLANDA WRIGHT 1-2 76 OTTAVI
0%
Nessun quiz corrispondente trovato
Distribuzione punteggi
Percentuale di utenti per punteggio
Percentile per numero di risposta
I tuoi punteggi nel tempo
Non hai fatto questo quiz